000 00556nam a2200229Ia 4500
005 20260320201228.0
008 008 262003s9999 xx 000 0 eng d
037 _aEBOOK
040 _aCRL
040 _beng
040 _cCRL
041 _2eng
041 _aeng
084 _qCRL
100 _aAhlemeyer-Stubbe
_91134538
245 0 _aMonetizing Data: How to Uplift Your Business
260 _bIEEE
856 _uhttps://ieeexplore.ieee.org/servlet/opac?bknumber=9820799
942 _cEBOOK
999 _c1719832
_d1719832